Návrh a realizácia vybraného modulu informačného systému pre správu skladového hospodárstva vo firme Spojovak s.r.o.

Salvato in:
Dettagli Bibliografici
Autore principale: Mádr, Tomáš (Autore)
Altri autori: Tanuška, Pavol (Relatore della tesi)
Natura: Manoscritto Libro
Lingua:slovacco
Pubblicazione: 2025
Soggetti:
Accesso online:http://is.stuba.sk/zp/portal_zp.pl?podrobnosti=176722
Tags: Aggiungi Tag
Nessun Tag, puoi essere il primo ad aggiungerne!!

MARC

LEADER 00000ntm a22000003a 4500
001 stuzp103923
003 SK-STU
005 20250628211009.8
007 ta
008 150427s2015----xo-----f-mn---000-0-slo-d
040 |a STU  |b slo 
041 0 |a slo 
100 1 |a Mádr, Tomáš  |u 066000  |4 aut  |U MTF Materiálovotechnologická fakulta  |T MTF Ústav aplikovanej informatiky, automatizácie a mechatroniky  |X 121811  |U M6000  |Y 86  |7 121811 
242 0 1 |a Proposal and implementation of a selected module of an information system for stock management in Spojovak s.r.o. company  |y eng 
245 1 0 |a Návrh a realizácia vybraného modulu informačného systému pre správu skladového hospodárstva vo firme Spojovak s.r.o. 
260 |c 2025 
650 4 |a informačný systém  |2 slo 
650 4 |a UML  |2 slo 
650 4 |a databáza  |2 slo 
650 4 |a SQL  |2 slo 
650 4 |a C#  |2 slo 
650 4 |a information system  |2 eng 
650 4 |a UML  |2 eng 
650 4 |a database  |2 eng 
650 4 |a SQL  |2 eng 
650 4 |a C#  |2 eng 
700 1 |a Tanuška, Pavol  |u 066000  |k Z1  |4 ths  |U MTF Materiálovotechnologická fakulta  |T MTF Ústav aplikovanej informatiky, automatizácie a mechatroniky  |X 248  |U M6000  |Y 86  |7 A000000248 
856 4 |u http://is.stuba.sk/zp/portal_zp.pl?podrobnosti=176722 
996 |c M* BP-9975  |l MMSKP  |s P  |a 0  |w stuzp103923_0001